Estatísticas para Clubes de Futebol do Rio de Janeiro

Clique aqui para jogar o quiz

Estatísticas Gerais

  • Esse quiz foi jogado 6 030 vezes
    (1 713 desde o último reset)
  • A pontuação média é 6 de 8

Estatísticas das Respostas

DivisãoClube% Correto
Série AFlamengo
100%
Série AFluminense
98%
Série ABotafogo
96%
Série BVasco da Gama
96%
Série CVolta Redonda
64%
Série DPortuguesa
49%
Série DNova Iguaçu
35%
Série DPérolas Negras
15%

Distribuição das Pontuações

Percentil de Números Respondidos

Porcentagem de Pessoas com Cada Pontuação

Sua Pontuação Histórica

Você não jogou esse quiz desde o último reset